The Walking Dead- SD - Statistics

General Stats
  • This quiz has been taken 69 times
  • The average score is 8 of 15
Answers on the Grid
Answers color-coded by a green-red scale on the quiz's grid according to % correct below.
Lori
James
Amelia
Heath
Max
Jacqui
Glenn
Hershel
Maggie
Kylie
Emma
Aden
Shane
Daniel
Connie
Judith
Harry
Jacob
Magna
T-Cat
Tyrone
Liam
Mars
Patricia
Otis
Wyatt
Harriet
Cyndie
Lydia
Terry
 
Answer Stats
Answer % Correct
Hershel
78%
Lori
73%
Shane
73%
Glenn
70%
Otis
68%
Maggie
63%
Judith
55%
Jacqui
53%
Patricia
53%
Lydia
50%
Magna
48%
Connie
40%
Heath
33%
Cyndie
20%
Terry
3%
No matching quizzes found
Score Distribution
Percent of People with Each Score
Percentile by Number Answered
Your Score History
You have not taken this quiz